| 000 | 00576cab a2200217 4500 | ||
|---|---|---|---|
| 001 | WB2903-83 | ||
| 008 | 090401t1993 xxu||||| |||| 00| 0 eng d | ||
| 035 | _a(Sirsi) u32219 | ||
| 041 | _aeng | ||
| 245 | _aThreat to MIRAS | ||
| 260 | _c1993 | ||
| 350 | _a0 | ||
| 490 |
_aFinancial Times _v16 January 1993, III(1) |
||
| 520 | _aDiscusses what MIRAS is, how it works and the current pressure to change it. | ||
| 650 | _aMORTGAGE INTEREST RELIEF AT SOURCE | ||
| 650 | _aMORTGAGES | ||
| 650 | _aTAX RELIEF | ||
| 690 | _aTAXATION | ||
| 942 | _n0 | ||
| 948 | _c04/03/1997 | ||
| 999 |
_c21622 _d21622 |
||